000 00475nam a2200181Ia 4500
003 GCL
008 140319s9999 xx 000 0 eng d
040 _aGCL /
_cGCL
082 0 4 _a631.53
_bH P
100 1 _aBOSEMARK,N.O.
245 1 0 _aPlant Breeding, Principles and Prospects /
_cBOSEMARK,N.O.
700 1 _aHAYWARD, M.D
260 _a[S.N] :
_bCHAPMAN & HALL ،
_c1993
300 _a550
650 0 4 _aPLANT - GENETICS
650 0 4 _aPLANT - BREEDING
942 _2ddc
_cBK
999 _c16259
_d16259